000 00645nam a2200241Ia 4500
003 OSt
005 20220918225732.0
006 a|||||r|||| 00| 0
007 ta
008 220917b |||||||| |||| 00| 0 eng d
024 _a244,945
037 _cTextual
040 _aARTS
_cARTS
_beng
041 _2eng
_aeng
082 _aD65,8(B):71, N6
100 _aTanenbaum Andrew S
_924276
245 0 _aComputer networks
250 _aThird Edition
260 _aNew Delhi
_bPrentice Hall of India
_c1998
650 _aENGINEERING
_92968
942 _hD65,8(B):71, N6
_cTEXL
_2CC
999 _c285862
_d285862